000 00215nam a22000977a 4500
999 _c15788
_d15788
003 OSt
008 191021b ||||| |||| 00| 0 eng d
100 _aJoseph, Mundassery.
_94310
245 _akavya peedika
942 _cBK